000 00527nam a2200181Ia 4500
003 GCL
008 140319s9999 xx 000 0 ara d
040 _aGCL /
_cGCL
082 0 4 _a415.1
_bا ل
100 1 _aاحمد حاطوم
245 1 0 _aاللغة ليست عقلا- المساجلات /
_cاحمد حاطوم
260 _a[S.N] :
_bجمعية أصدقاء الكاتب والكتاب ،
_c1993
300 _a400 ص
490 _a
650 0 4 _aالنحو
650 0 4 _aاللغة العربية
942 _2ddc
_cBK
999 _c28069
_d28069